Statistics for Name a Valid Answer: NBA

Click here to take the quiz!

General Stats

  • This quiz has been taken 64 times
  • The average score is 9 of 10

Answer Stats

HintAnswer% Correct
A player who has scored 75 or more in a gameWilt Chamberlain | Kobe Bryant
100%
Name a team that's never been to the finalsCharlotte Hornets | Los Angeles Clippers | Memphis Grizzlies | Minnesota Timberwolves | New Orleans Pelicans
98%
An NBA team with at least 6 ChampionshipsLos Angeles Lakers | Boston Celtics | Golden State Warriors | Chicago Bulls
98%
A retired MVP without a ringCharles Barkley | Karl Malone | Allen Iverson | Steve Nash
96%
An NBA player over 7'6"Gheroghe Muresan | Manute Bol | Tacko Fall | Shawn Bradley | Yao Ming
94%
An NBA coach with 5 or more ringsPhil Jackson | Red Auerbach | Gregg Popovich | Pat Riley | John Kundla
93%
An NBA player under 5'6"Muggsy Bogues | Earl Boykins | Mel Hirsch | Spud Webb
91%
An NBA team in the Southeast Division that has never won a ringCharlotte Hornets | Orlando Magic
87%
Player who played for at least 12 NBA teamsGarrett Temple | Joe Smith | Tony Massenburg | Jim Jackson | Chucky Brown | Ish Smith
76%
One of the bottom 6 players on the NBA's 75th Anniversary ListBill Sharman | Damian Lillard | Dave Bing | Dave DeBusschere | Billy Cunningham | Anthony Davis | Dolph Shayes
44%

Score Distribution

Percentile by Number Answered

Percent of People with Each Score

Your Score History

You have not taken this quiz